000
00299nam a22001337a 4500
008
181010b xxu||||| |||| 00| 0 eng d
020
_a
9780802312853
041
_a
eng
080
_2
2nd
_a
940
100
_a
16
101
_a
HIS
245
_a
These Were the Romans
_c
Tingay,G.I.F
942
_2
udc
_c
BK
999
_c
49253
_d
49253